000 00783nam a2200253Ia 4500
003 OSt
005 20221005062219.0
006 a|||||r|||| 00| 0
007 ta
008 221004b |||||||| |||| 00| 0 eng d
020 _a9780415643986 (pbk)
_c2350.80
024 _a16767
037 _bG-5111/14-15, 13/03/2015, Manohar Publisher & Distributors
_cTextual
040 _aCRL
_cCRL
_beng
041 _2eng
_aeng
082 _aQ7, Q4
100 _aMarranci Gabriele Ed.
_9601559
245 0 _aStudying Islam in practice
260 _aLondon
_bRoutledge UK
_c2014
300 _axii,232p.
_ccm.
650 _aRELIGION
942 _hQ7, Q4
_cTEXL
_2cc
999 _c969362
_d969362